INTERNATIONAL HUMAN RESOURCE MANAGEMENT (Record no. 16110)
[ view plain ]
| 000 -LEADER | |
|---|---|
| fixed length control field | 00367nam a2200133Ia 4500 |
| 008 - FIXED-LENGTH DATA ELEMENTS--GENERAL INFORMATION | |
| fixed length control field | 240624s9999 xx 000 0 und d |
| 041 ## - LANGUAGE CODE | |
| Language code of text/sound track or separate title | eng |
| 082 ## - DEWEY DECIMAL CLASSIFICATION NUMBER | |
| Classification number | 658.3 HUT |
| 100 ## - MAIN ENTRY--PERSONAL NAME | |
| Personal name | HUTCHINGS KATE |
| 245 ## - TITLE STATEMENT | |
| Title | INTERNATIONAL HUMAN RESOURCE MANAGEMENT |
| 260 ## - PUBLICATION, DISTRIBUTION, ETC. | |
| Date of publication, distribution, etc. | 2007 |
| Place of publication, distribution, etc. | England |
| Name of publisher, distributor, etc. | Ashgate Publishing Limited |
| 300 ## - PHYSICAL DESCRIPTION | |
| Extent | xxvi, : 541 : p. : cm. ; 24 |
| 365 ## - TRADE PRICE | |
| Currency code | BPS |
| Price amount | 20 |
| Withdrawn status | Lost status | Damaged status | Not for loan | Home library | Current library | Shelving location | Date acquired | Source of acquisition | Cost, normal purchase price | Full call number | Barcode | Date last seen | Copy number | Price effective from | Koha item type |
|---|---|---|---|---|---|---|---|---|---|---|---|---|---|---|---|
| IMTN | IMTN | Rack 24-B | 12/15/2010 | WBD | 140.00 | 658.3 HUT | 16110 | 06/24/2024 | 75.9 | 06/24/2024 | Books |